| 000 | 00641nam a2200193Ia 4500 | ||
|---|---|---|---|
| 003 | GCL | ||
| 008 | 140319s9999 xx 000 0 ara d | ||
| 040 |
_aGCL / _cGCL |
||
| 082 | 0 | 4 |
_aق _b810.962 _bع ا |
| 100 | 1 | _aعلى صافى حسين | |
| 245 | 1 | 0 |
_aالادب الصوفى فى مصر فى القرن السابع الهجرى (دراسة فى الادب المصرى) / _cعلى صافى حسين |
| 300 | _a468 ص | ||
| 490 |
_aمكتبة الدراسات الادبية _v0 |
||
| 650 | 0 | 4 | _aالادب العربى |
| 650 | 0 | 4 | _aمصر |
| 650 | 0 | 4 | _aتاريخ ونقد |
| 650 | 0 | 4 | _aالادب الصوفى |
| 942 |
_2ddc _cBK |
||
| 999 |
_c38425 _d38425 |
||